| 000 | 00804nam a2200241 i 4500 | ||
|---|---|---|---|
| 001 | bg | ||
| 100 | 1 | _aPIPREK, Jan. | |
| 245 | 1 | 0 |
_aWielki słownik polsko-niemiecki z suplementem. / _cJan Piprek, Juliusz Ippoldt _nT. 1, A-Ó. |
| 246 | 1 | 1 | _aGrosswörterbuch Polnisch-Deutsch mit Nachtrag |
| 250 | _a[Wyd. 13, supl. 10]. | ||
| 260 |
_aWarszawa : _b"Wiedza Powszechna", _c1998. |
||
| 300 |
_aXLVII, [1], 1134 s. ; _c24 cm. |
||
| 500 | _aTyt. równol. : Grosswörterbuch Polnisch-Deutsch mit Nachtrag. | ||
| 650 | 9 | _aSłownik polsko-niemiecki | |
| 700 | 1 |
_aIPPOLDT, Juliusz _d(1867-1960). |
|
| 020 | _a8321407935 (2 t.) | ||
| 040 | _cBPK | ||
| 041 | 0 | _adepl | |
| 080 | _a811.162.1::811.112.2]'374 | ||
| 920 | _a83-214-0793-5 (2 t.) | ||
| 942 | _cKS | ||
| 008 | s pl f |000 0 pol | ||
| 999 |
_c34341 _d34341 |
||